000
00276nam a2200121Ia 4500
008
240109s9999 xx 000 0 und d
041
_a
eng
100
_a
Edward de Bono
245
_a
Six Thinking Hats
260
_b
Pengnin Books.
300
_a
177
650
_a
Management
999
_c
1032277
_d
1032277